[Event "VIE-ch97 "A""]
[Site "?"]
[Date "1997.10.28"]
[Round "4"]
[White "Zoebisch, H."]
[Black "Todor, R."]
[Result "1-0"]
[WhiteElo "2255"]
[BlackElo "2170"]
[PlyCount "59"]
[EventDate "1996.??.??"]

1. d4 Nf6 2. c4 g6 3. Nc3 d5 4. Bf4 Bg7 5. e3 O-O 6. cxd5 Nxd5 7. Nxd5 Qxd5 8.
Bxc7 Nc6 9. Ne2 Bg4 10. f3 Rac8 11. Nc3 Qe6 12. Bf4 Bxd4 13. fxg4 Rfd8 14. Qc1
g5 15. Bxg5 Nb4 16. Be2 Nxa2 17. Rxa2 Bxc3+ 18. bxc3 Qxa2 19. Bxe7 Re8 20. Bf6
b5 21. Qd2 Qa1+ 22. Kf2 Qa6 23. g5 Qb6 24. Rb1 a6 25. Qd4 Qc7 26. h3 Re6 27.
Rd1 Rce8 28. Bd3 Qb6 29. Bxh7+ Kf8 30. Bg7+ 1-0

[Event "VIE-ch97 "A""]
[Site "?"]
[Date "1997.10.28"]
[Round "4"]
[White "Sulyok, M."]
[Black "Fordan, T."]
[Result "1/2-1/2"]
[WhiteElo "2220"]
[BlackElo "2245"]
[PlyCount "59"]
[EventDate "1996.??.??"]

1. c4 c5 2. Nc3 Nc6 3. Nf3 e6 4. d4 d5 5. cxd5 exd5 6. g3 Nf6 7. Bg2 Be7 8. O-O
O-O 9. dxc5 Bxc5 10. Bg5 d4 11. Bxf6 Qxf6 12. Ne4 Qe7 13. Nxc5 Qxc5 14. Rc1 Qb6
15. Qd2 Be6 16. b3 h6 17. Ne1 Nb4 18. Nd3 Nxd3 19. Qxd3 Rad8 20. Rfd1 a5 21.
Qe4 Rd7 22. Rd2 Qb4 23. Rcd1 Rc8 24. h4 Rcd8 25. Kh2 a4 26. bxa4 Qxa4 27. e3 b5
28. exd4 Bd5 29. Qe3 Bxg2 30. Kxg2 1/2-1/2

[Event "VIE-ch97 "A""]
[Site "?"]
[Date "1997.10.28"]
[Round "4"]
[White "Seiser, K."]
[Black "Strauss, A."]
[Result "1/2-1/2"]
[WhiteElo "2100"]
[BlackElo "2235"]
[PlyCount "90"]
[EventDate "1996.??.??"]

1. d4 Nf6 2. e3 c5 3. c3 g6 4. Nf3 Bg7 5. Be2 O-O 6. O-O d5 7. Nbd2 cxd4 8.
exd4 Nc6 9. Re1 Ne8 10. Bd3 Nd6 11. Nf1 Bg4 12. Ne3 Bxf3 13. Qxf3 e6 14. Ng4 f5
15. Nh6+ Bxh6 16. Bxh6 Re8 17. Qg3 Ne4 18. Bxe4 dxe4 19. f3 exf3 20. Qxf3 Qd5
21. Qg3 Rad8 22. h4 e5 23. Bg5 Rd7 24. dxe5 Rxe5 25. Rxe5 Qxe5 26. Bf4 Qe8 27.
Re1 Re7 28. Rxe7 Qxe7 29. h5 Qe6 30. hxg6 hxg6 31. b3 Kf7 32. Kf2 Qe4 33. Qe3
Qc2+ 34. Qd2 Qxd2+ 35. Bxd2 Ke6 36. Bf4 Kd5 37. Ke3 b5 38. Kd3 Ne5+ 39. Ke3 a6
40. c4+ bxc4 41. Bxe5 Kxe5 42. bxc4 g5 43. g3 a5 44. a4 Kd6 45. Kd4 Ke6 1/2-1/2

[Event "VIE-ch97 "A""]
[Site "Wien"]
[Date "1997.10.29"]
[Round "5"]
[White "Stanec, N."]
[Black "Dueckstein, A."]
[Result "1/2-1/2"]
[WhiteElo "2465"]
[BlackElo "2330"]
[PlyCount "61"]
[EventDate "1997.10.??"]

1. c4 e6 2. d4 d5 3. Nc3 Nf6 4. Bg5 dxc4 5. e3 c5 6. Bxc4 cxd4 7. exd4 Be7 8.
Nf3 O-O 9. Qe2 Nbd7 10. O-O Nb6 11. Bb3 Bd7 12. Ne5 Bc6 13. Nxc6 bxc6 14. Rfd1
Nbd5 15. Na4 Nd7 16. Bxe7 Qxe7 17. Rac1 Qd6 18. g3 Rab8 19. Qa6 Nb4 20. Qe2 Nd5
21. Bc2 Rfc8 22. Bb1 g6 23. Rd2 Rb4 24. b3 N5b6 25. Nxb6 axb6 26. Rc4 Rxc4 27.
Qxc4 b5 28. Qe2 Nb6 29. Be4 Nd5 30. Bf3 Ra8 31. Qd3 1/2-1/2

[Event "VIE-ch97 "A""]
[Site "Wien"]
[Date "1997.10.29"]
[Round "5"]
[White "Staudner, O."]
[Black "Alvir, A."]
[Result "1/2-1/2"]
[WhiteElo "2340"]
[BlackElo "2390"]
[PlyCount "54"]
[EventDate "1997.10.??"]

1. e4 c5 2. Nf3 d6 3. Nc3 Nf6 4. d4 cxd4 5. Nxd4 g6 6. Be2 Bg7 7. Be3 Nc6 8.
Qd2 O-O 9. O-O-O Ng4 10. Bxg4 Bxg4 11. f3 Be6 12. Nxc6 bxc6 13. Bh6 Bxh6 14.
Qxh6 Qa5 15. h4 Qe5 16. g4 Rfb8 17. Rd3 Rb4 18. b3 Rab8 19. Qe3 d5 20. a3 d4
21. Qg5 Qxg5+ 22. hxg5 R4b6 23. Rxd4 Ra6 24. Kb2 Ra5 25. Rd2 Kg7 26. Rdh2 Rh8
27. Ne2 Rxg5 1/2-1/2

[Event "VIE-ch97 "A""]
[Site "Wien"]
[Date "1997.10.29"]
[Round "5"]
[White "Lau, R."]
[Black "Bachofen, A."]
[Result "1-0"]
[WhiteElo "2490"]
[BlackElo "2145"]
[PlyCount "69"]
[EventDate "1997.10.??"]

1. e4 e6 2. d4 d5 3. Nc3 Bb4 4. exd5 exd5 5. Bd3 Nc6 6. a3 Bxc3+ 7. bxc3 Nf6 8.
Ne2 Bg4 9. f3 Bh5 10. Nf4 Bg6 11. Nxg6 hxg6 12. Kf2 Qd6 13. Qe2+ Kd7 14. g3 Nh5
15. Qf1 Rae8 16. a4 f5 17. a5 a6 18. Bd2 Nd8 19. Kg2 Rhf8 20. Qb1 Kc8 21. Qb3
Rf7 22. Rhe1 Rfe7 23. Rxe7 Rxe7 24. Rb1 Nf6 25. c4 dxc4 26. Qxc4 Nd5 27. Qb3 c5
28. c4 Nf6 29. Bf4 Qxd4 30. Rd1 Qd7 31. Qb6 Ne6 32. Bxf5 gxf5 33. Rxd7 Nxd7 34.
Qd6 Re8 35. Be3 1-0

[Event "VIE-ch97 "A""]
[Site "Wien"]
[Date "1997.10.29"]
[Round "5"]
[White "Trauner, R."]
[Black "Zoebisch, H."]
[Result "1/2-1/2"]
[WhiteElo "2285"]
[BlackElo "2255"]
[PlyCount "80"]
[EventDate "1997.10.??"]

1. c4 c5 2. Nc3 Nf6 3. g3 e6 4. Nf3 Nc6 5. Bg2 d5 6. cxd5 Nxd5 7. O-O Be7 8. d4
O-O 9. Nxd5 exd5 10. Be3 c4 11. Qc2 g6 12. Rfd1 Bf5 13. Qd2 Be4 14. Bh3 Bxf3
15. exf3 Re8 16. f4 Bf6 17. f5 b5 18. fxg6 hxg6 19. Bg4 a5 20. Kg2 Ra7 21. h4
Bg7 22. Bf3 Rd7 23. Rh1 Qb6 24. Rad1 Nb4 25. h5 Nd3 26. hxg6 fxg6 27. Rh4 Rf8
28. Be2 Nb4 29. Rdh1 Rdf7 30. a3 Nc6 31. Rg4 Ne7 32. Bd1 Nf5 33. Bc2 b4 34.
axb4 axb4 35. Ra1 Nxe3+ 36. fxe3 Rf6 37. Rh1 b3 38. Bb1 Qe6 39. Rf4 Rxf4 40.
gxf4 Qg4+ 1/2-1/2

[Event "VIE-ch97 "A""]
[Site "Wien"]
[Date "1997.10.29"]
[Round "5"]
[White "Gajic, R."]
[Black "Posch, W."]
[Result "0-1"]
[WhiteElo "2100"]
[BlackElo "2275"]
[PlyCount "142"]
[EventDate "1997.10.??"]

1. d4 d5 2. Nf3 Bf5 3. c4 e6 4. Qb3 Nc6 5. Bd2 Rb8 6. e3 a6 7. a4 Nf6 8. Nh4
Bxb1 9. Rxb1 Ne4 10. Nf3 dxc4 11. Qxc4 Nxd2 12. Nxd2 Qd5 13. Qxd5 exd5 14. Rc1
Bb4 15. Bd3 Na5 16. Rxc7 Nb3 17. Rc2 Nxd2 18. Rxd2 Rc8 19. Ke2 Bxd2 20. Kxd2
Ke7 21. Ra1 Rc6 22. a5 Rhc8 23. Ra3 R8c7 24. Rb3 g6 25. g4 g5 26. Bxh7 Rh6 27.
Bf5 Rxh2 28. Ke2 Rh1 29. Rb6 Ra1 30. b4 Rac1 31. b5 axb5 32. Rxb5 Kd6 33. Rb6+
R1c6 34. Rb5 Ra6 35. Bd3 Ra7 36. f3 f6 37. e4 dxe4 38. Bxe4 Re7 39. Kd3 Kc7 40.
Rc5+ Kb8 41. Bf5 Rc7 42. Rb5 Ra6 43. d5 Rd6 44. Be6 Ka7 45. Kd4 Rc1 46. Rb3 Ra1
47. Ke4 Rxa5 48. Kf5 Ka6 49. Kxf6 Raxd5 50. Re3 b5 51. Re4 Ka5 52. f4 gxf4 53.
Rxf4 b4 54. Ke7 Rd3 55. g5 Rc6 56. Rf5+ Kb6 57. g6 Rg3 58. Rf6 Kc5 59. Kf8 b3
60. Rf5+ Kd4 61. Rd5+ Ke4 62. Bf7 Rcxg6 63. Rb5 Rf6 64. Rb4+ Ke5 65. Ke7 Rxf7+
66. Kxf7 Kd5 67. Kf6 Rf3+ 68. Kg5 Kc5 69. Rb8 Kc4 70. Kg4 Rf2 71. Kg3 Rf5 0-1

[Event "VIE-ch97 "A""]
[Site "Wien"]
[Date "1997.10.29"]
[Round "5"]
[White "Schwab, R."]
[Black "Wukits, R."]
[Result "1/2-1/2"]
[WhiteElo "2265"]
[BlackElo "2240"]
[PlyCount "53"]
[EventDate "1997.10.??"]

1. Nf3 Nf6 2. g3 b5 3. Bg2 Bb7 4. O-O e6 5. a4 b4 6. c3 c5 7. d4 cxd4 8. Nxd4
Bxg2 9. Kxg2 d5 10. Qb3 a5 11. Nb5 Na6 12. f3 Be7 13. Be3 O-O 14. Nd2 Qd7 15.
Rfd1 Qb7 16. Bd4 Qb8 17. Bxf6 Bxf6 18. e4 bxc3 19. bxc3 Rd8 20. exd5 Nc5 21.
Qc4 Rxd5 22. Ne4 Nxe4 23. Qxe4 Re5 24. Qd3 Qb6 25. Rab1 Re3 26. Qc4 Qb7 27. Rf1
1/2-1/2

[Event "VIE-ch97 "A""]
[Site "Wien"]
[Date "1997.10.29"]
[Round "5"]
[White "Fordan, T."]
[Black "Seiser, K."]
[Result "1-0"]
[WhiteElo "2245"]
[BlackElo "2100"]
[PlyCount "99"]
[EventDate "1997.10.??"]

1. d4 e6 2. c4 f5 3. g3 Nf6 4. Bg2 d5 5. Nf3 c6 6. O-O Bd6 7. b3 Qe7 8. Bb2 b6
9. Ne5 Bb7 10. Nd2 Nbd7 11. Nd3 O-O 12. Nf3 dxc4 13. bxc4 c5 14. e3 Rfc8 15.
Qa4 Rc7 16. Rfd1 Rac8 17. Rac1 Ne4 18. Nfe5 Bxe5 19. dxe5 Ng5 20. Bxb7 Rxb7 21.
Kg2 Nf7 22. f4 Nb8 23. Nf2 Rd8 24. Rxd8+ Qxd8 25. Rd1 Rd7 26. Rxd7 Qxd7 27.
Qxd7 Nxd7 28. e4 g6 29. Kf3 Nb8 30. exf5 gxf5 31. g4 Nh6 32. h3 Nc6 33. Bc3 Kf7
34. a3 Kg6 35. Nh1 a6 36. Nf2 Ng8 37. gxf5+ Kxf5 38. Ne4 Nge7 39. Nd6+ Kg6 40.
Ke4 h6 41. Bb2 Na5 42. Bc1 Nac6 43. Be3 Na5 44. Bf2 Kh5 45. Be1 Nac6 46. f5
exf5+ 47. Nxf5 Nxf5 48. Kxf5 b5 49. e6 bxc4 50. Kf6 1-0

[Event "VIE-ch97 "A""]
[Site "Wien"]
[Date "1997.10.29"]
[Round "5"]
[White "Stoeckl, E."]
[Black "Rogetzer, K."]
[Result "0-1"]
[WhiteElo "2240"]
[BlackElo "2200"]
[PlyCount "73"]
[EventDate "1997.10.??"]

1. Nf3 Nf6 2. d4 g6 3. g3 Bg7 4. Bg2 O-O 5. O-O d6 6. c4 c6 7. Nc3 Bf5 8. Nh4
Be6 9. d5 cxd5 10. cxd5 Bd7 11. h3 Na6 12. Be3 Qa5 13. a3 Rfc8 14. b4 Qd8 15.
Bd4 Rc4 16. Rc1 Rac8 17. e3 R8c7 18. Na2 Qc8 19. Rxc4 Rxc4 20. Kh2 Rc2 21. Qb1
Qc4 22. Rc1 Rxc1 23. Nxc1 Nc7 24. Nb3 Qe2 25. e4 Nb5 26. Bf3 Qc4 27. Be3 Nxa3
28. Na5 Nxb1 29. Nxc4 b6 30. e5 dxe5 31. Nxe5 Nc3 32. Bd4 Nb5 33. Be3 Nc7 34.
Bf4 Nb5 35. Be3 Kf8 36. Ng2 Ke8 37. Nf4 0-1

[Event "VIE-ch97 "A""]
[Site "Wien"]
[Date "1997.10.29"]
[Round "5"]
[White "Strauss, A."]
[Black "Trkulja, Z."]
[Result "1-0"]
[WhiteElo "2235"]
[BlackElo "2195"]
[PlyCount "119"]
[EventDate "1997.10.??"]

1. c4 Nf6 2. g3 e6 3. Bg2 c5 4. Nf3 Nc6 5. O-O Be7 6. b3 O-O 7. Bb2 Qc7 8. e3
a6 9. Qe2 b5 10. d3 b4 11. Rd1 Bb7 12. d4 cxd4 13. Nxd4 Nxd4 14. Bxd4 Bxg2 15.
Kxg2 d5 16. Nd2 a5 17. Rac1 Qb7 18. cxd5 Nxd5 19. e4 Nf6 20. f3 a4 21. Nc4 axb3
22. axb3 Rfd8 23. Bf2 Qb5 24. Rxd8+ Bxd8 25. Qd2 Be7 26. Nb6 Rd8 27. Rc8 Qe8
28. Qc2 Rxc8 29. Nxc8 Bf8 30. Na7 h6 31. Nc6 g5 32. Bd4 Nd7 33. Qc4 g4 34. fxg4
Qa8 35. Bf2 Nf6 36. h3 Qb7 37. Be1 Qa8 38. Bxb4 Bxb4 39. Nxb4 Nxe4 40. Qc6 Qxc6
41. Nxc6 Kf8 42. h4 f6 43. b4 Ke8 44. Nd4 Kd7 45. b5 Kd6 46. b6 Nc5 47. Kf3 Kd5
48. Ke3 Nb7 49. Nb5 Kc6 50. Nc7 Nc5 51. Ne8 Nd7 52. Kf4 Kxb6 53. Ng7 Nf8 54.
Nxe6 Nxe6+ 55. Kf5 Nc5 56. Kxf6 Ne4+ 57. Kg6 Nxg3 58. Kxh6 Kc6 59. h5 Kd6 60.
Kg7 1-0

[Event "VIE-ch97 "A""]
[Site "Wien"]
[Date "1997.10.29"]
[Round "5"]
[White "Todor, R."]
[Black "Sulyok, M."]
[Result "1-0"]
[WhiteElo "2170"]
[BlackElo "2220"]
[PlyCount "51"]
[EventDate "1997.10.??"]

1. e4 g6 2. c4 Bg7 3. Nc3 e5 4. g3 Nc6 5. Bg2 d6 6. d3 Nge7 7. Nge2 O-O 8. O-O
Be6 9. h3 Qd7 10. Kh2 f5 11. Nd5 Rf7 12. f4 Raf8 13. Rb1 Nd8 14. Be3 c6 15.
Nxe7+ Qxe7 16. Qc2 b6 17. Rbd1 c5 18. Ng1 Bd7 19. exf5 Bxf5 20. Rde1 Qd7 21.
Nf3 Nc6 22. Ng5 Nb4 23. Qd2 Bxd3 24. Nxf7 Rxf7 25. a3 e4 26. axb4 1-0

[Event "VIE-ch97 "A""]
[Site "Wien"]
[Date "1997.10.30"]
[Round "6"]
[White "Alvir, A."]
[Black "Lau, R."]
[Result "1-0"]
[WhiteElo "2390"]
[BlackElo "2495"]
[PlyCount "80"]
[EventDate "1997.10.??"]

1. e4 c5 2. Nf3 e6 3. d4 cxd4 4. Nxd4 a6 5. Nc3 Qc7 6. Bd3 Nf6 7. Be3 Nc6 8.
O-O Ne5 9. h3 b5 10. Qe2 b4 11. Na4 d5 12. f4 dxe4 13. fxe5 exd3 14. cxd3 Nd5
15. Nf3 Be7 16. Rac1 Qd8 17. Bc5 Bd7 18. Bxe7 Qxe7 19. Nc5 Bb5 20. a4 bxa3 21.
bxa3 O-O 22. a4 Be8 23. Rc4 Nb6 24. Rcc1 Nxa4 25. Ne4 Nb6 26. Kh1 Nd5 27. Nd4
Bd7 28. Nf6+ gxf6 29. exf6 Nxf6 30. Nf5 Qd8 31. Nh6+ Kg7 32. Qe5 Kg6 33. Rc4
Ne4 34. Nxf7 Rxf7 35. Qxe4+ Kg7 36. Rxf7+ Kxf7 37. Qxh7+ Kf6 38. Qh4+ Kf5 39.
Qh5+ Kf6 40. Rf4+ Ke7 1-0

[Event "VIE-ch97 "A""]
[Site "Wien"]
[Date "1997.10.30"]
[Round "6"]
[White "Posch, W."]
[Black "Stanec, N."]
[Result "0-1"]
[WhiteElo "2275"]
[BlackElo "2465"]
[PlyCount "56"]
[EventDate "1997.10.??"]

1. e4 c5 2. Nc3 Nc6 3. g3 g6 4. Bg2 Bg7 5. d3 d6 6. f4 f5 7. Nf3 Nf6 8. O-O O-O
9. Kh1 Kh8 10. Be3 Be6 11. Bg1 Qd7 12. Qd2 Rae8 13. Rfe1 b6 14. Rad1 Bg8 15. d4
fxe4 16. Nxe4 Nxe4 17. Rxe4 Bd5 18. Ng5 Bxe4 19. Bxe4 Nxd4 20. Qg2 e5 21. c3
Qg4 22. cxd4 Qxd1 23. Nxh7 Kxh7 24. Qh3+ Kg8 25. Bd5+ Rf7 26. Qd7 Ref8 27. fxe5
dxe5 28. dxe5 Qf3+ 0-1

[Event "VIE-ch97 "A""]
[Site "Wien"]
[Date "1997.10.30"]
[Round "6"]
[White "Dueckstein, A."]
[Black "Staudner, O."]
[Result "1-0"]
[WhiteElo "2330"]
[BlackElo "2340"]
[PlyCount "113"]
[EventDate "1997.10.??"]

1. e4 e6 2. d4 d5 3. Nc3 Bb4 4. e5 b6 5. Qg4 Bf8 6. Nf3 Ne7 7. h4 h6 8. h5 Qd7
9. Bd2 Ba6 10. Rh3 c5 11. Bxa6 Nxa6 12. Ne2 Nc6 13. a3 O-O-O 14. dxc5 Nxc5 15.
Ned4 Kb7 16. Nxc6 Qxc6 17. Qf4 Rd7 18. Nd4 Qa4 19. b3 Qa6 20. a4 Ne4 21. f3
Nxd2 22. Qxd2 Ka8 23. f4 Bc5 24. Nb5 Rc8 25. Rg3 Bf8 26. O-O-O Rc5 27. Qd3 Qa5
28. Kb2 a6 29. Nd4 Rdc7 30. Qd2 Rc3 31. Rxc3 Rxc3 32. Ne2 Rc7 33. Qxa5 bxa5 34.
Rd3 Kb7 35. Rg3 Kc8 36. Nd4 Kd7 37. c3 Ke7 38. Kc2 Ke8 39. f5 Bc5 40. Kd3 Kf8
41. fxe6 Bxd4 42. e7+ Rxe7 43. Kxd4 Rb7 44. c4 dxc4 45. bxc4 Rd7+ 46. Kc5 Rc7+
47. Kd5 Rd7+ 48. Kc6 Rd4 49. c5 Rxa4 50. Kb6 Rc4 51. c6 a4 52. c7 a5 53. Rg4
Rc2 54. Rxa4 Ke7 55. Rxa5 Kd7 56. Rd5+ Ke7 57. Rc5 1-0

[Event "VIE-ch97 "A""]
[Site "Wien"]
[Date "1997.10.30"]
[Round "6"]
[White "Wukits, R."]
[Black "Trauner, R."]
[Result "1-0"]
[WhiteElo "2240"]
[BlackElo "2285"]
[PlyCount "51"]
[EventDate "1997.10.??"]

1. d4 Nf6 2. c4 e6 3. Nc3 Bb4 4. e3 b6 5. Nf3 Bb7 6. Bd3 c5 7. O-O O-O 8. Nb5
cxd4 9. exd4 a6 10. Nc3 Bxc3 11. bxc3 d6 12. Rb1 Qc7 13. Re1 Nbd7 14. Nh4 a5
15. Re3 Ba6 16. Rg3 Kh8 17. Qd2 Bxc4 18. Qg5 Rg8 19. Bc2 Bd5 20. Rh3 Qc6 21.
Bxh7 Rgc8 (21... Nxh7 22. Ng6+ fxg6 23. Rxh7+ Kxh7 24. Qh4#) 22. Rg3 Ne8 23.
Qh5 Ndf6 24. Qxf7 Kxh7 25. Rh3 Nh5 26. Nf5 1-0

[Event "VIE-ch97 "A""]
[Site "Wien"]
[Date "1997.10.30"]
[Round "6"]
[White "Zoebisch, H."]
[Black "Fordan, T."]
[Result "1/2-1/2"]
[WhiteElo "2255"]
[BlackElo "2245"]
[PlyCount "102"]
[EventDate "1997.10.??"]

1. d4 d5 2. c4 e6 3. Nc3 c5 4. cxd5 exd5 5. Nf3 Nc6 6. g3 Nf6 7. Bg2 Be7 8. O-O
O-O 9. Bg5 cxd4 10. Nxd4 h6 11. Be3 Re8 12. Rc1 Bf8 13. Qa4 Na5 14. Rcd1 Bd7
15. Qc2 Rc8 16. Qb1 Bg4 17. h3 Bh5 18. g4 Bg6 19. Nf5 Rxe3 20. fxe3 Bc5 21.
Nxd5 Nxd5 22. Bxd5 Qc7 23. Rf3 Re8 24. Qd3 Rxe3 25. Rxe3 Bxf5 26. Qxf5 Bxe3+
27. Kg2 Nc6 28. Bxc6 Qxc6+ 29. Qf3 Qb6 30. Rd3 Bd4 31. Rb3 Qe6 32. Rxb7 g6 33.
b3 Kg7 34. Rc7 Kg8 35. Rc4 Bb6 36. Qe4 Qd6 37. Qd3 Qe6 38. Qe4 Qd6 39. Rc8+ Kg7
40. Qd3 Qe5 41. Rc4 Kg8 42. Re4 Qa1 43. e3 Qxa2+ 44. Kf3 Qa1 45. Re8+ Kh7 46.
Qc4 Qd1+ 47. Kf2 Qd2+ 48. Qe2 Qd7 49. Re4 Qd6 50. Qf3 Qd2+ 51. Qe2 Qd6 1/2-1/2

[Event "VIE-ch97 "A""]
[Site "Wien"]
[Date "1997.10.30"]
[Round "6"]
[White "Rogetzer, K."]
[Black "Gajic, R."]
[Result "1/2-1/2"]
[WhiteElo "2200"]
[BlackElo "2100"]
[PlyCount "154"]
[EventDate "1997.10.??"]

1. d4 Nf6 2. c4 c6 3. e3 d5 4. Qc2 Bg4 5. Ne2 Nbd7 6. h3 Bxe2 7. Bxe2 e6 8. Nc3
Bd6 9. Bd2 Bb4 10. cxd5 exd5 11. Nb1 Bd6 12. Nc3 O-O 13. Qf5 Re8 14. O-O Qe7
15. Bd3 Bb4 16. f3 Qd6 17. Kf2 a6 18. Rad1 g6 19. Qg5 Ba5 20. Qg3 Qe7 21. Rde1
Nh5 22. Qh2 f5 23. Kg1 Ndf6 24. Nxd5 Nxd5 25. Bxa5 Nxe3 26. Bc4+ Kh8 27. Bc3
Ng7 28. Rf2 Qd7 29. Bb3 Nd5 30. Rfe2 h6 31. Qg3 Kh7 32. Qf2 Nf4 33. Rxe8 Rxe8
34. Rxe8 Nxe8 35. Qe1 Nf6 36. Qe5 N6d5 37. Bc4 Qe7 38. Bd2 Qxe5 39. dxe5 Kg7
40. h4 Ne6 41. g3 b5 42. Bb3 Nd4 43. Bd1 f4 44. gxf4 Ne6 45. Bb3 Nexf4 46. Bxd5
Nxd5 47. Kf2 c5 48. Ke2 c4 49. a3 h5 50. f4 Kf7 51. Kf3 Ke6 52. Bb4 Nb6 53. Ke4
Na4 54. Bc3 Nc5+ 55. Kd4 Nd3 56. Ke4 Nf2+ 57. Kf3 Ng4 58. Ke4 Nh6 59. Be1 Nf5
60. Bf2 a5 61. Be1 a4 62. Bf2 b4 63. axb4 c3 64. Kd3 cxb2 65. Kc2 a3 66. b5 Kd5
67. b6 Kc6 68. e6 Ng7 69. e7 Kb7 70. Bc5 Kc6 71. Bxa3 Kxb6 72. Bxb2 Ne8 73. Kd3
Kc5 74. Ke4 Kd6 75. f5 gxf5+ 76. Kxf5 Kxe7 77. Kg5 Kf7 1/2-1/2

[Event "VIE-ch97 "A""]
[Site "Wien"]
[Date "1997.10.30"]
[Round "6"]
[White "Bachofner, A."]
[Black "Wallner, J."]
[Result "1-0"]
[WhiteElo "2145"]
[BlackElo "2225"]
[PlyCount "76"]
[EventDate "1997.10.??"]

1. e4 c5 2. Nf3 d6 3. d4 cxd4 4. Nxd4 Nf6 5. Nc3 a6 6. Be3 Ng4 7. Bg5 h6 8. Bh4
g5 9. Bg3 Bg7 10. Be2 h5 11. h4 gxh4 12. Rxh4 Nc6 13. Nb3 Bf6 14. Rh1 Be6 15.
Qd2 h4 16. Bf4 Rg8 17. Bxg4 Rxg4 18. f3 Rg6 19. O-O-O Na5 20. Nxa5 Qxa5 21. a3
Rc8 22. Nd5 Qxd2+ 23. Rxd2 Bxd5 24. exd5 Kd7 25. c3 b5 26. Kc2 a5 27. Kb3 a4+
28. Kc2 b4 29. axb4 a3 30. Kb3 axb2 31. Rc2 Rxg2 32. Rxg2 Rxc3+ 33. Ka2 Rxf3
34. Bh6 Rd3 35. Bg7 Rc3 36. Rb1 h3 37. Rg4 Bxg7 38. Rxg7 Rd3 1-0

[Event "VIE-ch97 "A""]
[Site "Wien"]
[Date "1997.10.30"]
[Round "6"]
[White "Prager, M."]
[Black "Stoeckl, E."]
[Result "1-0"]
[WhiteElo "2150"]
[BlackElo "2240"]
[PlyCount "61"]
[EventDate "1997.10.??"]

1. e4 c5 2. Nf3 g6 3. d4 cxd4 4. Nxd4 Bg7 5. Nc3 Nc6 6. Be3 a6 7. Be2 d6 8. O-O
Nf6 9. Nd5 Nxd5 10. exd5 Ne5 11. c4 Nd7 12. Rc1 Nf6 13. b4 O-O 14. Bf3 a5 15.
a3 axb4 16. axb4 Qd7 17. c5 dxc5 18. Rxc5 Rd8 19. Qc2 Ne8 20. Nb5 Nd6 21. Nxd6
exd6 22. Rc7 Qb5 23. Qe4 Be5 24. Qh4 Re8 25. Be4 Bg7 26. Qf4 f6 27. Bxg6 Rxe3
28. Bf7+ Kh8 29. Qxe3 Bf5 30. Be6 Re8 31. Qg3 1-0

[Event "VIE-ch97 "A""]
[Site "Wien"]
[Date "1997.10.31"]
[Round "7"]
[White "Dueckstein, A."]
[Black "Alvir, A."]
[Result "1/2-1/2"]
[WhiteElo "2330"]
[BlackElo "2390"]
[PlyCount "28"]
[EventDate "1997.10.??"]

1. e4 c5 2. Nf3 e6 3. c3 Nf6 4. Bd3 d5 5. e5 Nfd7 6. Bc2 Nc6 7. d4 Be7 8. O-O
b6 9. Re1 Bb7 10. a3 Qc7 11. Be3 O-O-O 12. Nbd2 c4 13. b3 cxb3 14. Nxb3 f6
1/2-1/2

[Event "VIE-ch97 "A""]
[Site "Wien"]
[Date "1997.10.31"]
[Round "7"]
[White "Stanec, N."]
[Black "Wukits, R."]
[Result "1-0"]
[WhiteElo "2465"]
[BlackElo "2240"]
[PlyCount "49"]
[EventDate "1997.10.??"]

1. d4 Nf6 2. c4 e6 3. Nf3 d5 4. Nc3 c5 5. cxd5 Nxd5 6. e4 Nxc3 7. bxc3 cxd4 8.
cxd4 Bb4+ 9. Bd2 Bxd2+ 10. Qxd2 O-O 11. Be2 Nc6 12. O-O b6 13. Rad1 Na5 14.
Rfe1 Bb7 15. Bd3 Rc8 16. h4 h6 17. h5 Qf6 18. e5 Qe7 19. Bb1 Nc4 20. Qd3 g6 21.
Rc1 Bxf3 22. hxg6 Qg5 23. Qxf3 Nxe5 24. gxf7+ Kg7 25. dxe5 1-0

[Event "VIE-ch97 "A""]
[Site "Wien"]
[Date "1997.10.31"]
[Round "7"]
[White "Lau, R."]
[Black "Strauss, A."]
[Result "1/2-1/2"]
[WhiteElo "2495"]
[BlackElo "2235"]
[PlyCount "84"]
[EventDate "1997.10.??"]

1. e4 e5 2. Nf3 Nc6 3. Bb5 a6 4. Ba4 Nf6 5. O-O Be7 6. Re1 b5 7. Bb3 d6 8. c3
O-O 9. h3 Bb7 10. d4 Na5 11. Bc2 Nc4 12. b3 Nb6 13. Nbd2 Nfd7 14. Nf1 c5 15.
Ng3 g6 16. Bh6 Re8 17. a4 bxa4 18. bxa4 a5 19. Bd3 c4 20. Bc2 Bf6 21. Rb1 Qc7
22. Be3 Ba6 23. Nh2 Rab8 24. Ng4 Bg7 25. Nh6+ Kf8 26. Qf3 Nf6 27. h4 Nbd7 28.
h5 Rxb1 29. Rxb1 Rb8 30. Rc1 Rb2 31. Ng4 Nxg4 32. Qxg4 Bc8 33. Qd1 Kg8 34. Qd2
Nf6 35. Bh6 Bxh6 36. Qxh6 Ng4 37. Qd2 Qe7 38. f3 exd4 39. cxd4 Qh4 40. Nf1 c3
41. Qxc3 Qf2+ 42. Kh1 Qh4+ 1/2-1/2

[Event "VIE-ch97 "A""]
[Site "Wien"]
[Date "1997.10.31"]
[Round "7"]
[White "Staudner, O."]
[Black "Bachofner, A."]
[Result "1-0"]
[WhiteElo "2340"]
[BlackElo "2145"]
[PlyCount "57"]
[EventDate "1997.10.??"]

1. e4 e6 2. d3 d5 3. Nd2 Nf6 4. Ngf3 c5 5. g3 Nc6 6. Bg2 Be7 7. O-O O-O 8. Re1
b5 9. e5 Nd7 10. Nf1 a5 11. h4 Ba6 12. N1h2 b4 13. h5 a4 14. h6 g6 15. Ng4 Nd4
16. a3 Nxf3+ 17. Qxf3 Qc7 18. Bf4 Rfb8 19. Qe3 d4 20. Qd2 Bb7 21. Bg5 Qd8 22.
Bxe7 Qxe7 23. Bxb7 Rxb7 24. axb4 Rxb4 25. b3 f5 26. exf6 Qd6 27. Qe2 Kf7 28.
Qe4 Ra7 29. bxa4 1-0

[Event "VIE-ch97 "A""]
[Site "Wien"]
[Date "1997.10.31"]
[Round "7"]
[White "Fordan, T."]
[Black "Posch, W."]
[Result "0-1"]
[WhiteElo "2245"]
[BlackElo "2275"]
[PlyCount "106"]
[EventDate "1997.10.??"]

1. d4 d5 2. Nf3 Bf5 3. c4 e6 4. Nc3 c6 5. cxd5 exd5 6. Bf4 Qb6 7. Qc1 Nf6 8. e3
Na6 9. a3 Nh5 10. Bg3 Nxg3 11. hxg3 h6 12. b4 Bd6 13. Be2 O-O 14. O-O Nb8 15.
Nh4 Bh7 16. Na4 Qc7 17. Nc5 Nd7 18. Bd3 Bxd3 19. Nxd3 g6 20. Qc2 Nf6 21. Nc5
Kg7 22. Rfc1 Rfe8 23. Qe2 a6 24. Nf3 Ng4 25. Rc3 Re7 26. Nd2 h5 27. Nf1 Nh6 28.
Qf3 Nf5 29. Rac1 Qb6 30. Nd3 a5 31. Rb1 axb4 32. axb4 Ra2 33. Nf4 Bxf4 34. gxf4
Nd6 35. Ng3 h4 36. f5 f6 37. Qg4 hxg3 38. Qxg6+ Kf8 39. Qxf6+ Nf7 40. fxg3 Qb5
41. Qh4 Qe2 42. Qh3 Kg8 43. Ra3 Rxa3 44. f6 Qxe3+ 45. Kh2 Re6 46. Re1 Qxe1 47.
Qg4+ Kf8 48. Qg7+ Ke8 49. Qg8+ Kd7 50. Qxf7+ Kc8 51. Qf8+ Kc7 52. Qg7+ Kb6 53.
f7 Rh6+ 0-1

[Event "VIE-ch97 "A""]
[Site "Wien"]
[Date "1997.10.31"]
[Round "7"]
[White "Rogetzer, K."]
[Black "Zoebisch, H."]
[Result "1/2-1/2"]
[WhiteElo "2200"]
[BlackElo "2255"]
[PlyCount "28"]
[EventDate "1997.10.??"]

1. d4 d5 2. Nf3 Nf6 3. e3 e6 4. Nbd2 Nbd7 5. Bd3 c5 6. c3 Be7 7. O-O O-O 8. Re1
b6 9. e4 dxe4 10. Nxe4 Bb7 11. Bg5 Nxe4 12. Bxe7 Qxe7 13. Bxe4 Bxe4 14. Rxe4
Nf6 1/2-1/2

[Event "VIE-ch97 "A""]
[Site "Wien"]
[Date "1997.10.31"]
[Round "7"]
[White "Trauner, R."]
[Black "Todor, R."]
[Result "1-0"]
[WhiteElo "2285"]
[BlackElo "2170"]
[PlyCount "101"]
[EventDate "1997.10.??"]

1. c4 Nf6 2. Nc3 d5 3. cxd5 Nxd5 4. Nf3 g6 5. g3 Nxc3 6. bxc3 Bg7 7. Qb3 O-O 8.
Bg2 Nd7 9. O-O Nb6 10. d4 Bd7 11. Re1 Ba4 12. Qa3 Qd7 13. Bf4 f6 14. e4 g5 15.
Bc1 h6 16. Qc5 Bc6 17. d5 Ba4 18. Nd4 Qd6 19. Ba3 Nd7 20. Qb4 Qxb4 21. Bxb4
Rfe8 22. Ne6 Rac8 23. Bh3 b6 24. Bf5 Kf7 25. Rac1 h5 26. c4 c5 27. dxc6 Bxc6
28. Rcd1 Ne5 29. Nxg7 Kxg7 30. Bxc8 Nf3+ 31. Kf1 Nxe1 32. Bd7 Rd8 33. Bxc6 Rxd1
34. Bxe1 Rc1 35. Bb5 Kf7 36. a3 Ra1 37. a4 Ra2 38. Bc3 Rc2 39. Bd4 Rc1+ 40. Kg2
e6 41. Be3 Rc2 42. e5 Ke7 43. exf6+ Kxf6 44. Kf3 Kf5 45. c5 g4+ 46. Kg2 Rxc5
47. Bxc5 bxc5 48. Kf1 Ke4 49. Ke2 Kd4 50. Kd2 e5 51. Be2 1-0

[Event "VIE-ch97 "A""]
[Site "Wien"]
[Date "1997.10.31"]
[Round "7"]
[White "Schwab, R."]
[Black "Prager, M."]
[Result "0-1"]
[WhiteElo "2265"]
[BlackElo "2150"]
[PlyCount "70"]
[EventDate "1997.10.??"]

1. e4 c6 2. d4 d5 3. Nd2 dxe4 4. Nxe4 Bf5 5. Nc5 Qc7 6. Bd3 Bxd3 7. Nxd3 Nd7 8.
Bf4 Qa5+ 9. c3 Ngf6 10. Ne2 e6 11. O-O Be7 12. a4 O-O 13. Qb3 b6 14. Be5 Qd5
15. c4 Qe4 16. Ng3 Qh4 17. Rfe1 c5 18. d5 Ng4 19. h3 Ngxe5 20. Nxe5 Nxe5 21.
Rxe5 Qf6 22. Re3 exd5 23. cxd5 Bd6 24. Ne4 Qf4 25. g3 Qh6 26. f4 Rad8 27. Kg2
Qg6 28. Rf1 Bb8 29. f5 Qh6 30. Qd1 Qxe3 31. Qg4 f6 32. Rf2 Rde8 33. Re2 Rxe4
34. Qxe4 Qxe4+ 35. Rxe4 Be5 0-1